| 000 | 01193nac a22003257a 4500 | ||
|---|---|---|---|
| 001 | BR7802797 | ||
| 003 | BR-BrBNA | ||
| 005 | 20240105114221.0 | ||
| 008 | 230509b bl.|||m| |||| 00| 0 por d | ||
| 040 |
_aBR-BrBNA _bpor _cBiblioteca Nacional de Agricultura |
||
| 072 | _aF26; F28 | ||
| 090 | _aF26 BR7802797 | ||
| 110 | 1 |
_aEmpresa de Assistencia Tecnica e Extensao Rural do Estado do Amazonas, Manaus (Brasil); _94036 |
|
| 110 | 1 |
_aSuperintendencia da Zona Franca de Manaus, AM (Brasil) _910029 |
|
| 111 | 1 |
_aSeminario de Uso e Manejo das Terras _cManaus, AM (Brazil) _d4 Jul 1977 |
|
| 245 | 1 | _aSeminario de uso e manejo das terras. Resumo das palestras [Recurso do solo; Erosao do solo; Recuperacao do solo; Amazonas; Brasil] | |
| 260 | 3 |
_aManaus, AM (Brasil): _c1977. |
|
| 300 | _a106 p. | ||
| 490 |
_aSerie Distrito Agropecuario da SUFRAMA (Brazil) _vno. 6 _x |
||
| 650 | _aRecurso do solo | ||
| 650 | _aErosao do solo | ||
| 650 | _aRecuperacao do solo | ||
| 650 | _aMelhoramento do solo | ||
| 650 | _aConservacao do solo | ||
| 650 | _aSolo | ||
| 650 | _aUso da terra | ||
| 650 | _aAmazonas | ||
| 909 |
_a202312 _bLúcia Elande _c55 _dLúcia Elande |
||
| 942 |
_2AGRIS _n0 _cMS |
||
| 999 |
_c268074 _d268074 |
||